• 首页
  • 本馆介绍
  • 公告通知
  • 最新文献
  • 馆藏检索
  • 电子资源
  • 读者导购
  • 参考咨询
  • 我的图书馆
  • 登录
  • 详细信息显示
  • 放入我的书架
  • 预约/预借图书
  • 作者相关作品
  • 分类相关作品
  • 丛书相关作品
  • 出版社相关作品

书目信息

  • 表格格式
  • 工作单格式
  • 卡片格式
题名:
魔法世界之旅
    
 
作者: 日天沼春树
分册:  
出版信息: 沈阳   辽宁教育出版社  2005
页数: 200页
开本: 20cm
丛书名:
单 册:
中图分类: J838
科图分类:
主题词: 戏剧--艺术--世界 , 戏剧--艺术--各国
电子资源:
ISBN: 7-5382-7557-6
000 00571nam0 2200193 450
001 0728815141
005 20070819080015.14
010    @a7-5382-7557-6@d¥20.00
100    @a20070819d km y0chiy0120 ea
101 0  @achi
200 1  @a魔法世界之旅@Amo fa shi jie zhi lu@f[日]天沼春树等@F[ri]tian zhao chun shu deng
210    @a沈阳@c辽宁教育出版社@d2005
215    @a200页@d20cm
606 0  @a戏剧@x艺术@x世界
606 0  @a戏剧@x艺术@y各国
690    @aJ838@v3
701  0 @a日天沼春树@Ari tian zhao chun shu
801  0 @aCN@bPFT@c20070819
905    @a213230@dJ838@eZW175@f1
    
    魔法世界之旅/[日]天沼春树等.-沈阳:辽宁教育出版社,2005
    200页;20cm
    
    
    ISBN 7-5382-7557-6:¥20.00
    
●
相关链接 在E读中查询图书 在五车中查询图书 在当当中查询图书 在豆瓣中查询图书


正题名:魔法世界之旅     索取号:J838/ZW175         预约/预借

序号 登录号 条形码 馆藏地/架位号 状态 备注
1 7614920   276149204   密集书库-文学院/ [索取号:J838/ZW175] 在馆    
2 7614921   276149213   密集书库-文学院/ [索取号:J838/ZW175] 在馆    
唐山师范学院图书馆 欢迎您!
大连网信软件有限公司© 版权所有